Kalung
| Main Author: | |
|---|---|
| Format: | Book |
| Published: |
Bangi, Selangor :
Karnadya ,
2007
|
| Subjects: |
MARC
| LEADER | 00000cam a2200000 7i4500 | ||
|---|---|---|---|
| 001 | 0000028252 | ||
| 005 | 20110127.0 | ||
| 008 | 091123 | ||
| 020 | |a 9833316120 | ||
| 090 | 0 | 0 | |a ZAH |b MAL |
| 100 | 1 | |a Zahida Zarkasi | |
| 245 | 1 | 0 | |a Kalung |c Zahida Zarkasi |
| 260 | |a Bangi, Selangor : |b Karnadya , |c 2007 | ||
| 650 | 0 | |a Malay fiction | |
| 999 | |a 0001059298 |b Book |c Adult Collection |e Perbadanan Perpustakaan Awam Johor | ||
| 999 | |a 0001059299 |b Book |c Adult Collection |e Perbadanan Perpustakaan Awam Johor | ||
| 999 | |a 0001059301 |b Book |c Adult Collection |e Perbadanan Perpustakaan Awam Johor | ||